| 000 | 00973 a2200241 4500 | ||
|---|---|---|---|
| 005 | 20260316152403.0 | ||
| 008 | 260316b |||||||| |||| 00| 0 eng d | ||
| 020 | _a9789326353007 (hbk) | ||
| 037 | _cTB | ||
| 040 |
_aCRL _cCRL |
||
| 041 |
_2hin _ahin |
||
| 084 |
_aO152,3N59x Q5 _qTB |
||
| 100 |
_aशिरीष, उर्मिला _9860542 |
||
| 245 | _aदीवार के पीछे | ||
| 260 |
_aनयी दिल्ली, भारत: _bभारतीय ज्ञानपीठ, _c2015. |
||
| 300 | _a171पृ. | ||
| 365 |
_b240.00 _cINR |
||
| 490 | _3लोकोदय ग्रन्थमाला: ग्रंथांक 1249 | ||
| 650 | _aहिन्दी कहानी | ||
| 650 | _aहिन्दी साहित्य | ||
| 942 |
_cTB _2CC _hO152,3N59x Q5 |
||
| 999 |
_c1466648 _d1466648 |
||